Tìm hiểu điển tích truyện Kiều

Sách trình bày và đánh giá cái hay trong điển tích truyện Kiều. Tìm hiểu 61 điển tích truyện Kiều và 92 chữ điển tích khác.

Bewaard in:
Bibliografische gegevens
Hoofdauteur: Phạm, Đan Quế
Formaat: Boek
Taal:Undetermined
Gepubliceerd in: Hà Nội Văn Học 2001
Onderwerpen:
Tags: Voeg label toe
Geen labels, Wees de eerste die dit record labelt!
Thư viện lưu trữ: Trung tâm Học liệu Trường Đại học Cần Thơ
LEADER 00805nam a2200229Ia 4500
001 CTU_41609
008 210402s9999 xx 000 0 und d
020 |b 55.000đ 
020 |c 55000 
082 |a 495.13 
082 |b Qu250 
100 |a Phạm, Đan Quế 
245 0 |a Tìm hiểu điển tích truyện Kiều 
245 0 |c Phạm Đan Quế 
260 |a Hà Nội 
260 |b Văn Học 
260 |c 2001 
520 |a Sách trình bày và đánh giá cái hay trong điển tích truyện Kiều. Tìm hiểu 61 điển tích truyện Kiều và 92 chữ điển tích khác. 
650 |a Kieu's story,Vietnamese language 
650 |x Terms and phrases 
904 |i Minh 
980 |a Trung tâm Học liệu Trường Đại học Cần Thơ